| 000 | 00431cam a2200181ua 4500 | ||
|---|---|---|---|
| 041 |
_amal _h |
||
| 082 |
_a894.8121 _bKUN/TH |
||
| 100 | _aKunhiraman Nair, P. | ||
| 245 |
_aThamarathen / _cP Kunhiraman Nair. _hTextual Documents |
||
| 250 |
_a1 / _b. |
||
| 260 |
_aThrissur : _bCurrent Books , _c1962. |
||
| 300 | _a75 ; . | ||
| 504 | _a | ||
| 942 | _cBK | ||
| 999 |
_c3986 _d3986 |
||